Statistics for British colonies{mainland}

Click here to take the quiz!

General Stats

  • This quiz has been taken 8 times
  • The average score is 25 of 42

Answer Stats

Answer% Correct
india
100%
kenya
100%
pakistan
100%
australia
86%
bangladesh
86%
canada
86%
egypt
86%
south africa
86%
united states of america
86%
yemen
86%
bahrain
71%
israel
71%
jordan
71%
nigeria
71%
oman
71%
qatar
71%
sudan
71%
belize
57%
gambia
57%
ireland
57%
lesotho
57%
new zeeland
57%
somalia
57%
swaziland
57%
tanzania
57%
united arab emirites
57%
zambia
57%
zimbabwe
57%
botswana
43%
ghana
43%
guyana
43%
iraq
43%
kuwait
43%
malawi
43%
namibia
43%
palestine
43%
papua new guinea
43%
malta
29%
sierra leone
29%
honduras
14%
malasia
0%
myammar
0%

Score Distribution

Percentile by Number Answered

Percent of People with Each Score

Your Score History

You have not taken this quiz